000 00577nam a2200181Ia 4500
003 GCL
008 140319s9999 xx 000 0 ara d
040 _aGCL /
_cGCL
082 0 4 _a213
_bا ل
100 1 _aاحمد الشوادفى الباز
245 1 0 _aلماذا اسلم هؤلاء القساوسة ? الجزء الثانى /
_cاحمد الشوادفى الباز
300 _a80 ص
490 _a100 قصة
_v0
650 0 4 _aالاسلام والمسيحية
650 0 4 _aالاسلام - تراجم
650 0 4 _aاعتناق الاسلام
942 _2ddc
_cBK
999 _c43309
_d43309